Mysteries of the mummies : the story of the unwrapping of a 2,000-year-old mummy by a team of experts /

Bibliographic Details
Other Authors: David, A. Rosalie (Ann Rosalie)
Format: Book
Language:English
Published: New York : Scribner, [1979]
Subjects:

MARC

Tag First Indicator Second Indicator Subfields
LEADER 00000cam a2200000 i 4500
001 in00002352021
005 20151108062933.0
008 781130t19791978nyua 001 0 eng
010 |a  78027017  
020 |a 0684161710 :  |c $14.95 
020 |a 9780684161716 
029 1 |a NLGGC  |b 785426272 
029 1 |a NZ1  |b 3398007 
035 |a (OCoLC)ocm04491768 
035 |a (OCoLC)4491768 
040 |a DLC  |c DLC  |d BAKER  |d BTCTA  |d TXA  |d UtOrBLW 
043 |a f-ua--- 
049 |a TXAM 
050 0 0 |a DT62.M7  |b M9 1979 
082 0 0 |a 932 
245 0 0 |a Mysteries of the mummies :  |b the story of the unwrapping of a 2,000-year-old mummy by a team of experts /  |c edited by Rosalie David. 
264 1 |a New York :  |b Scribner,  |c [1979] 
264 4 |c ©1978 
300 |a 192 pages :  |b illustrations ;  |c 26 cm. 
336 |a text  |b txt  |2 rdacontent 
337 |a unmediated  |b n  |2 rdamedia 
338 |a volume  |b nc  |2 rdacarrier 
500 |a Includes index. 
536 |a From the Library of Charles Franklin Harris, November 2007. 
650 0 |a Mummies. 
700 1 |a David, A. Rosalie  |q (Ann Rosalie) 
938 |a Baker & Taylor  |b BKTY  |c 14.95  |d 11.21  |i 0684161710  |n 0000091338  |s active 
938 |a Baker and Taylor  |b BTCP  |n 78027017 //r93  |c $14.95 
994 |a C0  |b TXA 
948 |a cataloged  |b h  |c 2008/1/3  |d c  |e jlanham  |f 10:47:53 am 
999 |a MARS 
999 f f |s 0afded9f-0de2-3dce-8d3d-75aac71b0fa9  |i 77e7b4d3-6e72-370d-a29f-6666a5444263  |t 0 
952 f f |p ric  |a Texas A&M University  |b Rellis Campus  |c Joint Library Facility  |d Remote Storage  |t 0  |e DT62.M7 M9 1979  |h Library of Congress classification  |i unmediated -- volume  |m A14836908649 
998 f f |a DT62.M7 M9 1979  |t 0  |l Remote Storage